| 000 | 01593cam a2200433 a 4500 | ||
|---|---|---|---|
| 001 | 4250 | ||
| 003 | FISKH | ||
| 005 | 20240710134704.0 | ||
| 008 | 060901s2007 mau b 000 1 eng | ||
| 010 | _a 2006026076 | ||
| 020 | _a9780618750436 (hc.) | ||
| 020 | _a9780547237657 | ||
| 020 | _a0618750436 (hc.) | ||
| 035 | _a(OCoLC)ocm71243807 | ||
| 035 | _a(OCoLC)71243807 | ||
| 040 |
_aDLC _cDLC _dBKX _dBAKER _dBTCTA _dJP3 _dDLC _beng |
||
| 050 | _aPZ7.D29392 | ||
| 082 | _a813.6 | ||
| 100 | 1 |
_aDavies, Jacqueline, _d1962- |
|
| 245 | 1 | 4 |
_aThe lemonade war / _cby Jacqueline Davies. |
| 260 |
_aNew York : _bHoughton Mifflin, _c2007. |
||
| 300 |
_a173 pages : _c20 cm |
||
| 505 | _aO | ||
| 520 | _aEvan and his younger sister, Jessie, react very differently to the news that they will be in the same class for fourth grade and as the end of summer approaches, they battle it out through lemonade stands, each trying to be the first to earn 100 dollars. Includes mathematical calculations and tips for running a successful lemonade stand. | ||
| 521 | 8 |
_a630
_bLexile |
|
| 521 | 8 |
_aO
_bRaz-Plus |
|
| 650 | 0 |
_aSiblings _vJuvenile fiction. |
|
| 650 | 0 |
_aFund raising _vJuvenile fiction. |
|
| 650 | 0 |
_aArithmetic _vJuvenile fiction. |
|
| 650 | 0 |
_aLemonade _vJuvenile fiction. |
|
| 650 | 1 |
_aSiblings _vFiction. |
|
| 650 | 1 |
_aMoneymaking projects _vFiction. |
|
| 650 | 1 |
_aArithmetic _vFiction. |
|
| 650 | 1 |
_aLemonade _vFiction. |
|
| 700 |
_aLlewellyn, Cara _eillustrator |
||
| 906 |
_a7 _bcbc _corignew _d1 _eecip _f20 _gy-gencatlg |
||
| 942 |
_2ddc _cBK _n0 |
||
| 999 |
_c4250 _d4250 |
||